Vittorie in Formula 1 - Morte improvvisa - Statistics

Statistiche generali
  • Questo quiz è stato fatto 1.146 volte
  • Il punteggio medio è 6 su 15
Answers on the Grid
Answers color-coded by a green-red scale on the quiz's grid according to % correct below.
Lewis Hamilton
Michael Schumacher
Max Verstappen
Sebastian Vettel
Alain Prost
Ayrton Senna
Fernando Alonso
Nigel Mansell
Niki Lauda
Juan Manuel Fangio
Nico Rosberg
Kimi Räikkönen
Mika Häkkinen
Damon Hill
Jackie Stewart
Alberto Ascari
Jacques Villeneuve
Rubens Barrichello
Felipe Massa
James Hunt
Jody Scheckter
Valtteri Bottas
Charles Leclerc
Sergio Pérez
Lando Norris
Carlos Sainz Jr.
Giancarlo Fisichella
George Russell
Pierre Gasly
Mark Webber
 
Statistiche sulle risposte
Risposta % Corretto
Lewis Hamilton
55%
Max Verstappen
51%
Michael Schumacher
51%
Ayrton Senna
50%
Fernando Alonso
50%
Sebastian Vettel
48%
Niki Lauda
44%
Alain Prost
39%
Kimi Räikkönen
37%
Nico Rosberg
36%
Juan Manuel Fangio
32%
Mika Häkkinen
31%
Nigel Mansell
26%
Jackie Stewart
21%
Damon Hill
17%
Nessun quiz corrispondente trovato
Distribuzione punteggi
Percentuale di utenti per punteggio
Percentile per numero di risposta
I tuoi punteggi nel tempo
Non hai fatto questo quiz